00000000cam 2200000zi 4500
0019.963331
003CaOODSP
00520260605081708
006m     o  d f      
007cr bn ||||||||
008260605e20260604onc     ol   f000 0|fre d
040 |aCaOODSP|bfre|erda|cCaOODSP
0410 |aeng|afre
043 |an-cn---
0861 |aYB451-246/3-PDF
1101 |aCanada. |bParlement. |bSénat, |eorganisme de publication.
24513|aAn Act respecting the recognition of wartime service = |bLoi concernant la reconnaissance du service en temps de guerre.
24611|aLoi concernant la reconnaissance du service en temps de guerre
2461 |iTitre abrégé : |aLoi sur la reconnaissance du service en temps de guerre
264 1|a[Ottawa] : |bSenate of Canada = Sénat du Canada, |cle 4 juin 2026.
300 |a1 ressource en ligne (ii, 7 pages).
336 |atexte|btxt|2rdacontent/fre
337 |ainformatique|bc|2rdamedia/fre
338 |aressource en ligne|bcr|2rdacarrier/fre
4901 |aProjet de loi S-... ; |vProjet de loi S-246, 1re session, 45e législature
500 |a« Première session, quarante-cinquième législature, 3-4 Charles III, 2025-2026. »
500 |a« Adopté par le Sénat le 4 juin 2026. »
520 |a« Le texte prévoit l'élaboration d'un cadre national pour la reconnaissance de certains services militaires à titre de service en temps de guerre et pour la désignation à ce titre, par le gouverneur en conseil, des services militaires qui satisfont aux critères objectifs du cadre national » -- Sommaire, page ii.
546 |aTexte en français et en anglais.
650 6|aDécorations militaires|xDroit|zCanada|vLégislation.
655 7|aProjets de loi|2rvmgf
788 |tAn Act respecting the recognition of wartime service = |eeng|w(CaOODSP)9.963330
830#0|aProjet de loi S-.|vProjet de loi S-246, 1re session, 45e législature.|w(CaOODSP)9.500666
85640|qPDF|s138 Ko|uhttps://publications.gc.ca/collections/collection_2026/sen/YB451-246-3.pdf
8564 |qHTML|sS.O.|uhttps://www.parl.ca/documentviewer/fr/45-1/projet-loi/S-246/troisieme-lecture
986 |a4512536